Score 0/14 Timer 04:00
4 Plays Today
Rank Language % Correct
2English
99.7%
1Spanish
99.5%
6Chinese
96.4%
10French
95.6%
9Japanese
91%
14German
89%
8Russian
81.4%
Rank Language % Correct
5Korean
76.2%
13Arabic
71.6%
12Vietnamese
62.6%
4Tagalog
49.6%
7Persian
39.7%
11Hebrew
30%
3Armenian
17.7%
Remove Ads.
Support Sporcle.
Get the best of Sporcle when you Go Orange. This ad-free experience offers more features, more stats, and more fun while also helping to support Sporcle. Thank you for becoming a member.

You're not logged in!

Compare scores with friends on all Sporcle quizzes.
OR
Log In

Sporcle TV

Today on Sporcle TV


Watch our educational content, quiz creation guides, and fun videos on Sporcle TV.

Show Comments

Extras

Top Quizzes Today


Score Distribution

Paid Content

Your Account Isn't Verified!

In order to create a playlist on Sporcle, you need to verify the email address you used during registration. Go to your Sporcle Settings to finish the process.

Report this User

Report this user for behavior that violates our Community Guidelines.

Details: